Statistics for Famous People Named Joan

Click here to take the quiz!

General Stats

  • This quiz has been taken 32 times
  • The average score is 5 of 13

Answer Stats

ClueFamous Joan% Correct
The Maid of OrleansJoan of Arc
86%
Comedian and talk show host from BrooklynJoan Rivers
66%
Mildred Pierce, Whatever Happened to Baby Jane?Joan Crawford
62%
Dynasty's divaJoan Collins
62%
Human rights activist, treehouse owner, and singerJoan Baez
48%
Puts another dime in the jukebox, babyJoan Jett
45%
Australian opera singer who was dubbed "La Stupenda" in 1960Joan Sutherland
31%
British-American actress who starred in RebeccaJoan Fontaine
31%
Working Girl, Sixteen Candles, High FidelityJoan Cusack
21%
Good Morning America hostJoan Lunden
21%
Literary journalist and author of The Year of Magical ThinkingJoan Didion
10%
Gold Olympian in 1984 for marathon runningJoan Benoit
10%
Bletchley Park code breakerJoan Clarke
3%

Score Distribution

Percentile by Number Answered

Percent of People with Each Score

Your Score History

You have not taken this quiz